All Cities Visited By Nicki Minaj During Pink Friday 2 World Tour - Statistics

General Stats
  • This quiz has been taken 12 times
  • The average score is 48 of 63
Answer Stats
Date City Territory % Correct
May 23rd Amsterdam Netherlands
100%
June 7th & June 9th Berlin Germany
100%
May 10th & September 17th Dallas Texas, US
100%
May 9th Houston Texas, US
100%
May 28th & July 12th London England, UK
100%
September 21st Los Angeles California, US
100%
October 6th Miami Florida, US
100%
March 30th & September 7th New York City New York, US
100%
June 1st Paris France
100%
June 12th Stockholm Sweden
100%
April 1st & September 9th Washington, D. C. District of Columbia, US
100%
March 20th & 21st Atlanta Georgia, US
90%
September 13th Cleveland Ohio, US
90%
June 11th Copenhagen Denmark
90%
March 3rd Denver Colorado, US
90%
July 6th Dublin Ireland
90%
May 30th & June 3rd Manchester England, UK
90%
July 3rd Milan Italy
90%
May 13th Oklahoma City Oklahoma, US
90%
March 29th & September 4th Philadelphia Pennsylvania, US
90%
September 26th San Diego California, US
90%
September 23rd San Francisco California, US
90%
March 10th Seattle Washington, US
90%
October 5th Tampa Florida, US
90%
June 8th Warsaw Poland
90%
May 12th Austin Texas, US
80%
April 2nd Baltimore Maryland, US
80%
May 26th Birmingham England, UK
80%
April 8th & 10th Boston Massachusetts, US
80%
September 12th Buffalo New York, US
80%
March 26th Charlotte North Carolina, US
80%
April 24th & 25th Chicago Illinois, US
80%
April 12th Columbus Ohio, US
80%
May 29th Glasgow Scotland, UK
80%
October 4th Jacksonville Florida, US
80%
April 13th Milwaukee Wisconsin, US
80%
March 24th Nashville Tennessee, US
80%
March 28th Newark New Jersey, US
80%
March 1st Oakland California, US
80%
March 22nd Orlando Florida, US
80%
March 13th Phoenix Arizona, US
80%
April 7th & October 8th Raleigh North Carolina, US
80%
September 18th San Antonio Texas, US
80%
April 18th & 30th Toronto Ontario, Canada
80%
April 4th & May 1st Brooklyn New York City, US
70%
April 20th Detroit Michigan, US
70%
October 1st Kansas City Missouri, US
70%
April 27th Minneapolis Minnesota, US
70%
April 17th Montreal Quebec, Canada
70%
May 8th New Orleans Louisiana, US
70%
September 6th Pittsburgh Pennsylvania, US
70%
June 5th Cologne Germany
60%
April 5th Hartford Connecticut, US
60%
June 28th Rabat Morocco
60%
October 2nd St. Louis Missouri, US
60%
October 9th Columbia South Carolina, US
40%
July 14th Liege Belgium
40%
March 8th & September 28th Paradise Nevada, US
40%
March 15th & September 22nd Inglewood California, US
20%
July 5th Ebreichsdorf Austria
10%
October 11th Elmont New York, US
10%
July 13th Frauenfeld Switzerland
10%
June 27th Portimao Portugal
10%
No matching quizzes found
Score Distribution
Percent of People with Each Score
Percentile by Number Answered
Your Score History
You have not taken this quiz